000 00320nam a22001337a 4500
999 _c528132
_d528132
003 NUST
038 _aM.Ramzan
082 _a388.413
_bTRB
100 _aTRB
_919556
245 _aTRR- Journal of transportation research board no.2094
_cTRB
260 _aWashing
_bTRB
_c2009
300 _a164 p, P
_c25cm
942 _2ddc
_cBK